[Event "World Chess Olympiad 2018"]
[Site "Batumi"]
[Date "2018.09.28"]
[Round "5"]
[Board "3"]
[WhiteFideId "10804714"]
[White "Methu Joseph Muragu"]
[BlackFideId "10500324"]
[Black "Hj Azahari Md Aliuddin"]
[Result "1/2-1/2"]
[LiveChessVersion "1.4.8"]
[BlackElo "1991"]
[WhiteElo "2041"]

1. d4 {[%clk 1:29:25]} Nf6 {[%clk 1:30:32]} 2. c4 {[%clk 1:29:50]} c5
{[%clk 1:30:52]} 3. Nf3 {[%clk 1:30:15]} cxd4 {[%clk 1:30:30]} 4. Nxd4
{[%clk 1:30:40]} Nc6 {[%clk 1:30:01]} 5. Nc3 {[%clk 1:31:04]} g6 {[%clk 1:29:13]}
6. e4 {[%clk 1:31:26]} d6 {[%clk 1:29:27]} 7. Nc2 {[%clk 1:31:36]} Bg7
{[%clk 1:27:51]} 8. Be2 {[%clk 1:31:50]} O-O {[%clk 1:26:32]} 9. O-O
{[%clk 1:32:14]} Be6 {[%clk 1:21:35]} 10. Be3 {[%clk 1:32:42]} Qa5
{[%clk 1:20:38]} 11. Nd4 {[%clk 1:26:15]} Nxd4 {[%clk 1:16:35]} 12. Bxd4
{[%clk 1:26:37]} Rfc8 {[%clk 1:16:54]} 13. b3 {[%clk 1:26:33]} a6
{[%clk 1:13:56]} 14. f4 {[%clk 1:26:31]} b5 {[%clk 1:06:52]} 15. f5
{[%clk 1:26:02]} Bd7 {[%clk 1:06:12]} 16. a4 {[%clk 1:15:34]} b4 {[%clk 0:37:00]}
17. Bxf6 {[%clk 1:07:09]} bxc3 {[%clk 0:36:30]} 18. Bxg7 {[%clk 1:07:10]} Kxg7
{[%clk 0:36:45]} 19. Qd4+ {[%clk 1:06:34]} f6 {[%clk 0:36:37]} 20. Rac1
{[%clk 1:06:33]} Rab8 {[%clk 0:35:53]} 21. Rxc3 {[%clk 0:54:20]} Qc5
{[%clk 0:27:49]} 22. Qxc5 {[%clk 0:54:38]} Rxc5 {[%clk 0:28:16]} 23. g4
{[%clk 0:47:50]} Bc6 {[%clk 0:27:39]} 24. Bd3 {[%clk 0:46:51]} a5
{[%clk 0:25:34]} 25. Bc2 {[%clk 0:46:23]} Re5 {[%clk 0:22:49]} 26. Re1
{[%clk 0:41:51]} Rh8 {[%clk 0:16:44]} 27. Rg3 {[%clk 0:38:50]} g5
{[%clk 0:13:21]} 28. h4 {[%clk 0:29:22]} h6 {[%clk 0:12:24]} 29. Rh3
{[%clk 0:21:19]} Rc5 {[%clk 0:04:12]} 30. Kf2 {[%clk 0:19:25]} Re5
{[%clk 0:03:34]} 31. Ree3 {[%clk 0:11:59]} Rc8 {[%clk 0:03:10]} 32. Ke1
{[%clk 0:12:16]} d5 {[%clk 0:01:12]} 33. exd5 {[%clk 0:12:24]} Bxd5
{[%clk 0:01:35]} 34. Rxe5 {[%clk 0:12:15]} fxe5 {[%clk 0:01:58]} 35. hxg5
{[%clk 0:12:24]} hxg5 {[%clk 0:02:11]} 36. Kd2 {[%clk 0:05:49]} Bf7
{[%clk 0:01:56]} 37. Kc3 {[%clk 0:06:00]} e6 {[%clk 0:01:41]} 38. fxe6
{[%clk 0:05:29]} Bxe6 {[%clk 0:01:59]} 39. Rh7+ {[%clk 0:05:58]} Kf8
{[%clk 0:01:15]} 40. Rh8+ {[%clk 0:35:21]} Ke7 {[%clk 0:31:41]} 41. Rxc8
{[%clk 0:34:57]} Bxc8 {[%clk 0:32:10]} 42. Bd1 {[%clk 0:34:50]} Kd6
{[%clk 0:31:51]} 43. b4 {[%clk 0:29:50]} axb4+ {[%clk 0:29:41]} 44. Kxb4
{[%clk 0:30:19]} e4 {[%clk 0:29:28]} 45. a5 {[%clk 0:22:53]} Ba6 {[%clk 0:29:27]}
46. Be2 {[%clk 0:19:29]} Kc6 {[%clk 0:29:40]} 47. Bf1 {[%clk 0:19:20]} Bc8
{[%clk 0:26:39]} 48. Bg2 {[%clk 0:18:27]} Bxg4 {[%clk 0:25:48]} 49. Bxe4+
{[%clk 0:18:56]} Kc7 {[%clk 0:26:07]} 50. c5 {[%clk 0:18:54]} Be2
{[%clk 0:26:11]} 51. Kc3 {[%clk 0:18:34]} Ba6 {[%clk 0:21:08]} 52. Kd4
{[%clk 0:18:23]} Bc8 {[%clk 0:20:46]} 53. Ke5 {[%clk 0:16:59]} g4
{[%clk 0:18:39]} 54. Kf4 {[%clk 0:15:27]} Kb8 {[%clk 0:18:50]} 55. Bg2
{[%clk 0:14:17]} Ka7 {[%clk 0:19:04]} 56. Bf1 {[%clk 0:13:43]} Kb7
{[%clk 0:19:07]} 57. Bb5 {[%clk 0:13:29]} Kc7 {[%clk 0:18:51]} 58. Kg3
{[%clk 0:07:27]} Kb7 {[%clk 0:18:47]} 59. Kf4 {[%clk 0:07:26]} Kc7
{[%clk 0:19:09]} 60. Ke3 {[%clk 0:07:47]} Bb7 {[%clk 0:18:53]} 61. Bf1
{[%clk 0:07:09]} g3 {[%clk 0:14:34]} 1/2-1/2

[Event "World Chess Olympiad 2018"]
[Site "Batumi"]
[Date "2018.09.28"]
[Round "5"]
[Board "4"]
[WhiteFideId "10500219"]
[White "Yussof Pg Abd Rahman"]
[BlackFideId "10802185"]
[Black "Sang Ricky"]
[Result "1/2-1/2"]
[LiveChessVersion "1.4.8"]
[BlackElo "1959"]
[WhiteElo "1854"]

1. e4 c5 2. Nf3 d6 3. Bb5+ Bd7 4. Bxd7+ Nxd7 5. c4 Ngf6 6. Nc3 g6 7. O-O Bg7 8.
d3 O-O 9. Rb1 Qc7 10. Bg5 h6 11. Bd2 e6 12. Bf4 a6 13. Qd2 Kh7 14. h3 g5 15. Bg3
Nh5 16. Ne2 e5 17. Bh2 f5 18. exf5 Rxf5 19. Qe3 Rf7 20. b4 Raf8 21. Nc3 b6 22.
Nd5 Qd8 23. Nd2 Nf4 24. Bxf4 exf4 25. Qe4+ Kh8 26. Rfe1 Nf6 27. Nxf6 Qxf6 28. Nf3
h5 29. Qd5 Qf5 30. Qxf5 Rxf5 31. bxc5 bxc5 32. Rb6 g4 33. hxg4 hxg4 34. Nh4 R5f6
35. Re4 Rh6 36. g3 fxg3 37. fxg3 Bd4+ 38. Kg2 Rf2+ 39. Kh1 Rhf6 40. Rb8+ Kh7 41.
Re7+ Rf7 42. Rbb7 Rxe7 43. Rxe7+ Kg8 44. Re4 Rxa2 45. Rxg4+ Kf7 46. Rf4+ Ke6 47.
Nf3 Bc3 48. g4 Be5 49. Ng5+ Kd7 50. Rf7+ Kc6 51. Rf3 d5 52. Nf7 Bd4 53. g5 dxc4
54. dxc4 Ra4 55. Rf4 Rb4 56. g6 Rb8 57. Re4 Ra8 58. Re6+ Kd7 59. Rb6 a5 60. Ng5
a4 61. g7 Bxg7 62. Rb7+ Kc6 63. Rxg7 a3 64. Rg6+ Kd7 65. Ne4 a2 66. Nxc5+ Kc7 67.
Nb3 Rb8 68. Ra6 Rxb3 69. Rxa2 1/2-1/2

[Event "World Chess Olympiad 2018"]
[Site "Batumi"]
[Date "2018.09.28"]
[Round "5"]
[Board "1"]
[WhiteFideId "806404"]
[White "Efimov Igor"]
[BlackFideId "14306310"]
[Black "Degondo Simplice Armel"]
[Result "1-0"]
[LiveChessVersion "1.4.8"]
[BlackElo "2138"]
[WhiteElo "2421"]

1. d4 {[%clk 1:29:41]} d5 {[%clk 1:30:58]} 2. Nf3 {[%clk 1:29:56]} Nf6
{[%clk 1:31:27]} 3. c4 {[%clk 1:30:08]} c6 {[%clk 1:31:55]} 4. Qc2
{[%clk 1:30:21]} e6 {[%clk 1:28:06]} 5. Nbd2 {[%clk 1:29:43]} Nbd7
{[%clk 1:28:26]} 6. g3 {[%clk 1:29:53]} Bd6 {[%clk 1:27:14]} 7. Bg2
{[%clk 1:24:15]} O-O {[%clk 1:27:42]} 8. O-O {[%clk 1:24:32]} e5 {[%clk 1:28:10]}
9. cxd5 {[%clk 1:24:50]} cxd5 {[%clk 1:23:32]} 10. dxe5 {[%clk 1:24:09]} Nxe5
{[%clk 1:24:00]} 11. Nxe5 {[%clk 1:23:31]} Bxe5 {[%clk 1:24:28]} 12. Nf3
{[%clk 1:23:51]} Bd6 {[%clk 1:18:16]} 13. Rd1 {[%clk 1:23:47]} Be6
{[%clk 1:15:31]} 14. Be3 {[%clk 1:11:25]} Qa5 {[%clk 1:09:44]} 15. Nd4
{[%clk 1:03:44]} Qa6 {[%clk 1:07:14]} 16. Qd3 {[%clk 0:59:14]} Qxd3
{[%clk 0:51:34]} 17. Rxd3 {[%clk 0:53:08]} Rac8 {[%clk 0:38:46]} 18. Nxe6
{[%clk 0:49:23]} fxe6 {[%clk 0:39:11]} 19. Bh3 {[%clk 0:49:44]} Rfe8
{[%clk 0:38:11]} 20. Bxa7 {[%clk 0:49:45]} Rc2 {[%clk 0:37:57]} 21. Rb3
{[%clk 0:48:19]} Rxe2 {[%clk 0:37:16]} 22. Rxb7 {[%clk 0:48:37]} Be5
{[%clk 0:37:16]} 23. Rb1 {[%clk 0:48:35]} d4 {[%clk 0:18:47]} 24. f4
{[%clk 0:36:47]} Ne4 {[%clk 0:10:43]} 25. Bg4 {[%clk 0:30:05]} Rd2
{[%clk 0:09:51]} 26. Rd1 {[%clk 0:27:55]} Rxd1+ {[%clk 0:09:26]} 27. Bxd1
{[%clk 0:28:22]} Bf6 {[%clk 0:08:58]} 28. Rd7 {[%clk 0:28:30]} d3
{[%clk 0:08:13]} 29. Rxd3 {[%clk 0:26:09]} Bxb2 {[%clk 0:07:13]} 30. Bb3
{[%clk 0:26:15]} Re7 {[%clk 0:03:58]} 31. Bb6 {[%clk 0:25:22]} Ba3
{[%clk 0:03:10]} 32. Bd8 {[%clk 0:24:52]} Bc5+ {[%clk 0:01:15]} 33. Kg2
{[%clk 0:25:12]} Re8 {[%clk 0:00:47]} 34. f5 {[%clk 0:25:29]} Nd6
{[%clk 0:00:42]} 35. Bxe6+ {[%clk 0:25:47]} Kf8 {[%clk 0:00:49]} 36. Bg5
{[%clk 0:21:09]} Ne4 {[%clk 0:00:39]} 37. Bf4 {[%clk 0:20:16]} Nf6
{[%clk 0:00:35]} 38. Rc3 {[%clk 0:20:13]} Bb4 {[%clk 0:00:42]} 39. Rc7
{[%clk 0:19:37]} Re7 {[%clk 0:01:01]} 40. a4 {[%clk 0:49:40]} Rxc7
{[%clk 0:31:17]} 41. Bxc7 {[%clk 0:50:03]} Ke7 {[%clk 0:22:43]} 42. a5
{[%clk 0:47:00]} g6 {[%clk 0:10:17]} 43. a6 {[%clk 0:46:20]} Bc5 {[%clk 0:10:38]}
44. Bb8 {[%clk 0:46:33]} gxf5 {[%clk 0:10:34]} 45. Bxf5 {[%clk 0:46:55]} h5
{[%clk 0:10:27]} 46. a7 {[%clk 0:47:12]} Bxa7 {[%clk 0:10:39]} 47. Bxa7
{[%clk 0:47:31]} Kf7 {[%clk 0:10:31]} 48. Kh3 {[%clk 0:47:38]} 1-0

[Event "World Chess Olympiad 2018"]
[Site "Batumi"]
[Date "2018.09.28"]
[Round "5"]
[Board "2"]
[WhiteFideId "20800088"]
[White "Ble Kouko Hubert"]
[BlackFideId "14500205"]
[Black "Sulava Nenad"]
[Result "1/2-1/2"]
[LiveChessVersion "1.4.8"]
[BlackElo "2437"]
[WhiteElo "1829"]

1. Nf3 {[%clk 1:30:58]} Nf6 {[%clk 1:26:48]} 2. c4 {[%clk 1:31:06]} e6
{[%clk 1:25:07]} 3. b3 {[%clk 1:26:22]} d5 {[%clk 1:24:20]} 4. Bb2
{[%clk 1:26:36]} a5 {[%clk 1:24:42]} 5. e3 {[%clk 1:20:54]} Nbd7 {[%clk 1:21:55]}
6. Be2 {[%clk 1:11:31]} a4 {[%clk 1:21:51]} 7. O-O {[%clk 1:11:10]} Bd6
{[%clk 1:19:46]} 8. d4 {[%clk 1:10:30]} a3 {[%clk 1:16:42]} 9. Bc3
{[%clk 1:05:56]} b6 {[%clk 1:16:20]} 10. Nbd2 {[%clk 1:06:05]} O-O
{[%clk 1:14:46]} 11. Rc1 {[%clk 1:04:59]} Bb7 {[%clk 1:14:08]} 12. Ne5
{[%clk 1:04:15]} Qe7 {[%clk 1:09:09]} 13. f4 {[%clk 0:59:49]} c5 {[%clk 1:05:46]}
14. Qe1 {[%clk 0:56:44]} cxd4 {[%clk 1:03:07]} 15. exd4 dxc4 16. bxc4
{[%clk 0:54:55]} Rfd8 {[%clk 0:58:42]} 17. Qg3 {[%clk 0:53:34]} Bb4
{[%clk 0:58:43]} 18. Bf3 {[%clk 0:46:18]} Bxc3 {[%clk 0:58:18]} 19. Rxc3
{[%clk 0:46:46]} Nf8 {[%clk 0:56:47]} 20. Bxb7 {[%clk 0:41:06]} Qxb7
{[%clk 0:57:13]} 21. Qf3 {[%clk 0:41:24]} Qc7 {[%clk 0:52:28]} 22. Rb1
{[%clk 0:37:09]} Rac8 {[%clk 0:51:11]} 23. Rd3 {[%clk 0:32:23]} Ne8
{[%clk 0:47:29]} 24. Qf2 {[%clk 0:23:30]} Ra8 {[%clk 0:16:23]} 25. g3
{[%clk 0:15:55]} Nd6 {[%clk 0:15:40]} 26. c5 {[%clk 0:15:04]} bxc5
{[%clk 0:15:44]} 27. dxc5 {[%clk 0:14:59]} Nf5 {[%clk 0:15:58]} 28. Rbb3
{[%clk 0:13:48]} f6 {[%clk 0:07:47]} 29. Nec4 {[%clk 0:12:33]} Nd7
{[%clk 0:06:22]} 30. Ne4 {[%clk 0:12:08]} Qc6 {[%clk 0:05:10]} 31. Ncd2
{[%clk 0:10:46]} Rdc8 {[%clk 0:04:22]} 32. Rbc3 {[%clk 0:09:04]} Ra4
{[%clk 0:04:05]} 33. Qg2 {[%clk 0:08:47]} Nd4 {[%clk 0:02:07]} 34. Qf2
{[%clk 0:08:17]} Nb5 {[%clk 0:02:16]} 35. Rb3 {[%clk 0:08:27]} Rc7
{[%clk 0:01:27]} 36. Qe3 {[%clk 0:06:52]} Nxc5 {[%clk 0:00:41]} 37. Nxc5
{[%clk 0:03:33]} Qxc5 {[%clk 0:01:11]} 38. Rxb5 Qxe3+ 39. Rxe3 Rc2 40. Rd3
{[%clk 0:01:31]} Rxa2 {[%clk 0:01:25]} 41. Rb7 {[%clk 0:01:53]} h5
{[%clk 0:00:39]} 42. Rdd7 {[%clk 0:02:17]} Rxd2 {[%clk 0:01:02]} 43. Rxg7+ Kh8
{[%clk 0:31:31]} 44. Rh7+ {[%clk 0:31:01]} Kg8 45. Rhg7+ {[%clk 0:28:11]} Kh8
{[%clk 0:31:53]} 46. Rh7+ {[%clk 0:25:31]} Kg8 {[%clk 0:32:16]} 47. Rhg7+
{[%clk 0:25:12]} Kh8 {[%clk 0:32:40]} 1/2-1/2

[Event "World Chess Olympiad 2018"]
[Site "Batumi"]
[Date "2018.09.28"]
[Round "5"]
[Board "3"]
[WhiteFideId "623830"]
[White "Nelis Jean-Francois"]
[BlackFideId "21200203"]
[Black "Kouya Tyeoulou Bernardin Franklin"]
[Result "1-0"]
[LiveChessVersion "1.4.8"]
[BlackElo "1753"]
[WhiteElo "2154"]

1. e4 {[%clk 1:30:51]} c5 {[%clk 1:30:49]} 2. Nf3 {[%clk 1:31:00]} d6
{[%clk 1:31:12]} 3. c3 {[%clk 1:31:07]} Nf6 {[%clk 1:31:26]} 4. Bd3
{[%clk 1:31:00]} e6 {[%clk 1:31:43]} 5. Bc2 {[%clk 1:30:21]} Be7 {[%clk 1:31:59]}
6. d4 {[%clk 1:30:16]} cxd4 {[%clk 1:32:12]} 7. cxd4 {[%clk 1:30:39]} O-O
{[%clk 1:32:25]} 8. O-O {[%clk 1:30:15]} b6 {[%clk 1:31:53]} 9. Nc3
{[%clk 1:29:23]} Ba6 {[%clk 1:31:53]} 10. Re1 {[%clk 1:27:59]} Qc7
{[%clk 1:31:01]} 11. Bg5 {[%clk 1:24:12]} Re8 {[%clk 1:30:25]} 12. Rc1
{[%clk 1:24:26]} Qd8 {[%clk 1:29:17]} 13. Ba4 {[%clk 1:18:08]} Rf8
{[%clk 1:29:33]} 14. e5 {[%clk 1:10:07]} Nfd7 {[%clk 1:29:28]} 15. Bxe7
{[%clk 1:08:54]} Qxe7 16. Nb5 Bxb5 {[%clk 1:26:15]} 17. Bxb5 {[%clk 1:09:16]} a6
{[%clk 1:26:37]} 18. Bd3 {[%clk 1:08:48]} Rd8 {[%clk 1:26:22]} 19. Rc7
{[%clk 1:02:55]} a5 {[%clk 1:24:11]} 20. Qe2 {[%clk 1:02:39]} Qe8
{[%clk 1:23:01]} 21. Qe4 {[%clk 0:59:54]} Na6 {[%clk 1:21:34]} 22. Qxh7+
{[%clk 1:00:06]} Kf8 {[%clk 1:21:54]} 23. Bxa6 {[%clk 0:58:01]} Rxa6
{[%clk 1:22:13]} 24. Qh8+ {[%clk 0:57:31]} Ke7 {[%clk 1:22:39]} 25. Qxg7
{[%clk 0:57:54]} Qg8 {[%clk 1:22:31]} 26. Qf6+ {[%clk 0:53:13]} Ke8
{[%clk 1:22:49]} 27. Qf4 {[%clk 0:53:36]} dxe5 {[%clk 1:22:24]} 28. dxe5
{[%clk 0:50:55]} Qg6 {[%clk 1:21:35]} 29. g3 {[%clk 0:47:55]} Raa8
{[%clk 1:21:52]} 30. Qa4 {[%clk 0:44:43]} Rac8 {[%clk 1:21:02]} 31. Rxc8
{[%clk 0:42:18]} Rxc8 {[%clk 1:21:21]} 32. Rd1 {[%clk 0:41:51]} Rc7 33. Qd4
{[%clk 0:41:13]} Qc2 {[%clk 1:17:02]} 34. Kg2 Qc4 {[%clk 1:17:17]} 35. b3
{[%clk 0:31:25]} Qxd4 {[%clk 1:17:25]} 36. Rxd4 {[%clk 0:31:48]} Rc2
{[%clk 1:17:05]} 37. Rd2 {[%clk 0:28:15]} Rxd2 {[%clk 1:17:17]} 38. Nxd2
{[%clk 0:28:41]} Nxe5 {[%clk 1:17:32]} 39. Nc4 {[%clk 0:28:59]} Nd7
{[%clk 1:16:50]} 40. Kf3 {[%clk 0:28:26]} Ke7 {[%clk 1:15:16]} 41. g4
{[%clk 0:26:06]} Kf6 {[%clk 1:15:08]} 42. h4 {[%clk 0:55:48]} Kg6
{[%clk 1:45:27]} 43. Kf4 {[%clk 0:54:59]} f6 {[%clk 1:45:32]} 44. f3
{[%clk 0:54:35]} Kh6 {[%clk 1:45:46]} 45. Ke3 {[%clk 0:52:13]} Kg6
{[%clk 1:45:53]} 46. Kd4 {[%clk 0:51:08]} Kh6 {[%clk 1:45:30]} 47. f4
{[%clk 0:49:06]} Kg6 {[%clk 1:45:42]} 48. Ke4 {[%clk 0:46:47]} Nc5+
{[%clk 1:45:45]} 49. Kf3 {[%clk 0:47:01]} Nd7 {[%clk 1:45:36]} 50. Kg3
{[%clk 0:47:21]} Kh6 {[%clk 1:45:31]} 51. Kh3 {[%clk 0:47:08]} Kg6
{[%clk 1:45:45]} 52. h5+ {[%clk 0:46:56]} Kh6 {[%clk 1:45:25]} 53. Kh4
{[%clk 0:47:24]} e5 {[%clk 1:42:59]} 54. fxe5 {[%clk 0:47:14]} fxe5
{[%clk 1:43:12]} 55. g5+ {[%clk 0:47:36]} Kg7 {[%clk 1:43:16]} 56. Kg4
{[%clk 0:47:55]} Kf7 {[%clk 1:42:18]} 57. Kf5 {[%clk 0:48:10]} e4
{[%clk 1:41:44]} 58. Kxe4 {[%clk 0:47:22]} Ke6 {[%clk 1:42:00]} 59. h6 1-0

[Event "World Chess Olympiad 2018"]
[Site "Batumi"]
[Date "2018.09.28"]
[Round "5"]
[Board "1"]
[WhiteFideId "8500258"]
[White "Adu Oladapo"]
[BlackFideId "1622218"]
[Black "Kamara Ansumana"]
[Result "1-0"]
[LiveChessVersion "1.4.8"]
[BlackElo "1910"]
[WhiteElo "2299"]

1. e4 {[%clk 1:30:51]} c5 {[%clk 1:30:26]} 2. Nf3 {[%clk 1:31:11]} d6
{[%clk 1:30:46]} 3. d4 {[%clk 1:31:18]} cxd4 {[%clk 1:31:07]} 4. Nxd4
{[%clk 1:31:44]} Nf6 {[%clk 1:31:06]} 5. Nc3 {[%clk 1:32:07]} a6 {[%clk 1:31:16]}
6. Bg5 {[%clk 1:32:19]} e6 {[%clk 1:30:50]} 7. f4 {[%clk 1:32:40]} Be7
{[%clk 1:30:52]} 8. Qf3 {[%clk 1:33:01]} Nbd7 {[%clk 1:29:35]} 9. O-O-O
{[%clk 1:33:12]} b5 {[%clk 1:29:53]} 10. Nc6 {[%clk 1:32:49]} Qc7
{[%clk 1:29:19]} 11. Nxe7 {[%clk 1:31:52]} Kxe7 {[%clk 1:29:17]} 12. e5
{[%clk 1:31:52]} dxe5 {[%clk 1:28:22]} 13. Qxa8 {[%clk 1:31:08]} exf4
{[%clk 1:28:04]} 14. Bd3 {[%clk 1:25:59]} h6 {[%clk 1:28:00]} 15. Bh4
{[%clk 1:25:16]} g5 {[%clk 1:26:55]} 16. Bf2 {[%clk 1:25:17]} Rd8
{[%clk 1:26:46]} 17. Be4 {[%clk 1:19:39]} b4 {[%clk 1:24:00]} 18. Na4
{[%clk 1:18:54]} a5 {[%clk 1:23:44]} 19. Bc6 {[%clk 1:18:10]} Ng4
{[%clk 1:22:29]} 20. Bd4 {[%clk 1:15:41]} e5 {[%clk 1:20:37]} 21. Bg1
{[%clk 1:07:26]} Ngf6 {[%clk 1:16:14]} 22. h3 {[%clk 1:06:22]} Kf8
{[%clk 1:16:10]} 23. Bf2 {[%clk 1:05:51]} Kg7 {[%clk 1:10:59]} 24. Rhe1
{[%clk 1:05:28]} Ne8 {[%clk 1:09:48]} 25. Bd5 {[%clk 1:03:43]} Nef6
{[%clk 1:09:11]} 26. Qa7 {[%clk 1:01:54]} Nxd5 {[%clk 1:06:23]} 27. Rxd5
{[%clk 1:02:21]} Bb7 {[%clk 1:06:39]} 28. Qxa5 {[%clk 1:01:34]} Qxa5
{[%clk 1:05:37]} 29. Rxa5 {[%clk 1:02:03]} Bxg2 {[%clk 1:05:55]} 30. h4
{[%clk 1:00:20]} g4 {[%clk 1:06:04]} 31. Rg1 {[%clk 0:59:34]} Bf3
{[%clk 1:05:20]} 32. Rb5 {[%clk 0:59:57]} Rb8 {[%clk 1:03:02]} 33. Rxb8
{[%clk 0:58:49]} Nxb8 {[%clk 1:03:17]} 34. Nc5 {[%clk 0:59:18]} h5
{[%clk 1:03:01]} 35. Be1 {[%clk 0:59:06]} Nc6 {[%clk 1:00:46]} 36. c3
{[%clk 0:52:51]} bxc3 {[%clk 0:59:31]} 37. Bxc3 {[%clk 0:53:17]} Kg6
{[%clk 0:59:23]} 38. b4 {[%clk 0:53:29]} Be2 {[%clk 0:58:29]} 39. Kd2
{[%clk 0:53:44]} f3 {[%clk 0:57:13]} 40. Ne4 {[%clk 1:23:54]} f5 {[%clk 1:26:50]}
41. Nf2 {[%clk 1:21:53]} Bb5 {[%clk 1:26:31]} 42. Ke3 {[%clk 1:15:34]} Kf6
{[%clk 1:26:06]} 43. Nd3 {[%clk 1:07:54]} Ke6 {[%clk 1:18:29]} 44. Bxe5
{[%clk 1:04:38]} Bxd3 {[%clk 1:18:04]} 45. Bg3 {[%clk 1:04:50]} Bb5
{[%clk 1:16:20]} 46. a3 {[%clk 1:05:18]} Ne5 {[%clk 1:15:31]} 47. Rd1
{[%clk 1:02:14]} Ng6 {[%clk 1:10:49]} 48. Rd6+ {[%clk 1:00:43]} Kf7
{[%clk 1:07:29]} 49. Rd5 {[%clk 1:00:18]} f4+ {[%clk 1:02:16]} 50. Bxf4
{[%clk 1:00:26]} Nxf4 {[%clk 1:00:51]} 51. Rf5+ {[%clk 1:00:46]} Ke6
{[%clk 0:59:50]} 52. Rxf4 {[%clk 1:00:38]} Ke5 {[%clk 0:59:11]} 53. Rf8
{[%clk 1:00:16]} Bc6 {[%clk 0:58:52]} 54. Kf2 {[%clk 0:59:48]} Bd7
{[%clk 0:58:42]} 55. Rf7 {[%clk 0:59:32]} Bc6 {[%clk 0:57:42]} 56. Kg3
{[%clk 0:59:22]} Ke4 {[%clk 0:56:49]} 57. Re7+ {[%clk 0:59:51]} Kd4
{[%clk 0:55:29]} 58. Rc7 {[%clk 0:58:17]} Kd5 {[%clk 0:53:54]} 59. Rc8
{[%clk 0:58:27]} Kd6 {[%clk 0:49:54]} 60. Rh8 {[%clk 0:58:25]} Ke5
{[%clk 0:49:28]} 61. Rxh5+ {[%clk 0:58:37]} Ke4 {[%clk 0:47:49]} 62. Rg5
{[%clk 0:58:56]} Bd7 {[%clk 0:46:46]} 63. h5 {[%clk 0:59:15]} Ke3
{[%clk 0:46:14]} 64. Re5+ {[%clk 0:59:41]} Kd4 {[%clk 0:45:50]} 65. Re7
{[%clk 1:00:08]} Bf5 {[%clk 0:43:43]} 66. h6 {[%clk 1:00:18]} Be4
{[%clk 0:36:07]} 67. Rxe4+ {[%clk 1:00:21]} Kxe4 {[%clk 0:36:15]} 68. h7
{[%clk 1:00:50]} 1-0

[Event "World Chess Olympiad 2018"]
[Site "Batumi"]
[Date "2018.09.28"]
[Round "5"]
[Board "2"]
[WhiteFideId "17800048"]
[White "Winston Gerald Mansfield Thomas"]
[BlackFideId "8501246"]
[Black "Balogun Oluwafemi"]
[Result "0-1"]
[LiveChessVersion "1.4.8"]
[BlackElo "2275"]
[WhiteElo "1844"]

1. d4 {[%clk 1:30:53]} Nf6 {[%clk 1:30:58]} 2. Bf4 {[%clk 1:31:11]} g6
{[%clk 1:31:22]} 3. Nc3 {[%clk 1:31:16]} Bg7 {[%clk 1:30:14]} 4. e4
{[%clk 1:31:32]} d6 {[%clk 1:29:26]} 5. Be2 {[%clk 1:31:00]} c6 {[%clk 1:29:07]}
6. Qd2 {[%clk 1:29:36]} b5 {[%clk 1:27:14]} 7. a3 {[%clk 1:28:53]} O-O
{[%clk 1:24:04]} 8. h3 {[%clk 1:28:53]} Nbd7 {[%clk 1:21:19]} 9. Nf3
{[%clk 1:29:04]} Qc7 {[%clk 1:16:45]} 10. O-O {[%clk 1:29:06]} e5
{[%clk 1:16:55]} 11. dxe5 {[%clk 1:24:57]} dxe5 {[%clk 1:17:17]} 12. Bg5
{[%clk 1:24:11]} Nc5 {[%clk 1:16:12]} 13. Qe3 {[%clk 1:24:18]} Ne6
{[%clk 1:15:59]} 14. Bd3 {[%clk 1:20:25]} Nxg5 {[%clk 1:15:27]} 15. Qxg5
{[%clk 1:20:28]} Nh5 {[%clk 1:14:45]} 16. Ne2 {[%clk 1:19:40]} h6
{[%clk 1:14:13]} 17. Qe3 {[%clk 1:18:13]} Qe7 {[%clk 1:11:44]} 18. c3
{[%clk 1:13:09]} a5 {[%clk 1:10:33]} 19. c4 {[%clk 1:08:59]} b4 {[%clk 1:10:07]}
20. c5 {[%clk 1:09:08]} Be6 {[%clk 1:09:18]} 21. Rfc1 {[%clk 1:06:54]} Rfb8
{[%clk 1:05:37]} 22. Bc4 {[%clk 1:03:01]} bxa3 {[%clk 1:04:57]} 23. bxa3
{[%clk 1:03:18]} Nf4 {[%clk 1:05:11]} 24. Bxe6 {[%clk 1:02:50]} Qxe6
{[%clk 1:05:10]} 25. Nc3 {[%clk 1:00:30]} Rd8 {[%clk 1:00:19]} 26. Rd1
{[%clk 0:57:19]} Rxd1+ {[%clk 0:56:26]} 27. Nxd1 {[%clk 0:56:10]} Rb8
{[%clk 0:47:14]} 28. Nd2 {[%clk 0:55:39]} Qd7 {[%clk 0:46:18]} 29. Nc4
{[%clk 0:49:08]} Qe6 {[%clk 0:39:57]} 30. Nxa5 Rb5 31. Qd2 {[%clk 0:44:52]} Bf8
{[%clk 0:32:46]} 32. a4 {[%clk 0:44:18]} Rxc5 {[%clk 0:30:02]} 33. Ne3
{[%clk 0:40:08]} Rc3 {[%clk 0:25:32]} 34. Rb1 {[%clk 0:34:33]} h5
{[%clk 0:13:49]} 35. Kh2 {[%clk 0:34:57]} Rd3 {[%clk 0:05:31]} 36. Qc2
{[%clk 0:35:09]} c5 {[%clk 0:05:05]} 37. Nac4 {[%clk 0:35:12]} Bg7
{[%clk 0:00:56]} 38. a5 {[%clk 0:35:08]} Rd8 {[%clk 0:01:00]} 39. Rb6
{[%clk 0:34:51]} Qe7 {[%clk 0:00:35]} 40. a6 {[%clk 1:04:18]} Qa7
{[%clk 0:30:31]} 41. Qa2 {[%clk 1:04:29]} Rd7 {[%clk 0:25:51]} 42. Qb3
{[%clk 1:04:29]} Rd8 {[%clk 0:19:54]} 43. Qb5 {[%clk 1:04:31]} Ra8
{[%clk 0:19:18]} 44. Qc6 {[%clk 1:02:46]} Kh7 {[%clk 0:16:39]} 45. Qb7
{[%clk 1:02:28]} Ne6 {[%clk 0:13:20]} 46. Nd5 {[%clk 1:01:35]} Qxb7
{[%clk 0:11:08]} 47. axb7 {[%clk 1:01:53]} Rb8 {[%clk 0:11:37]} 48. Na5
{[%clk 1:00:38]} Nd8 {[%clk 0:10:59]} 49. Kg1 {[%clk 1:00:05]} c4
{[%clk 0:08:24]} 50. Kf1 {[%clk 1:00:30]} f5 {[%clk 0:05:26]} 51. Ke1
{[%clk 0:58:30]} fxe4 {[%clk 0:05:40]} 0-1

[Event "World Chess Olympiad 2018"]
[Site "Batumi"]
[Date "2018.09.28"]
[Round "5"]
[Board "3"]
[WhiteFideId "8504580"]
[White "Anwuli Daniel"]
[BlackFideId "10001034"]
[Black "Lwebuga Ronald"]
[Result "1-0"]
[LiveChessVersion "1.4.8"]
[BlackElo "1819"]
[WhiteElo "2267"]

1. d4 {[%clk 1:30:40]} f5 {[%clk 1:30:45]} 2. c4 {[%clk 1:26:10]} Nf6
{[%clk 1:31:08]} 3. Nc3 {[%clk 1:26:32]} g6 {[%clk 1:30:59]} 4. g3
{[%clk 1:26:49]} Bg7 {[%clk 1:30:52]} 5. Bg2 {[%clk 1:27:15]} c6 {[%clk 1:30:02]}
6. Nh3 {[%clk 1:26:41]} d6 {[%clk 1:29:20]} 7. O-O {[%clk 1:26:40]} O-O
{[%clk 1:29:21]} 8. d5 {[%clk 1:26:39]} c5 {[%clk 1:27:54]} 9. Nf4
{[%clk 1:26:20]} Na6 {[%clk 1:27:38]} 10. Rb1 {[%clk 1:21:14]} Nc7
{[%clk 1:27:40]} 11. Nd3 {[%clk 1:19:23]} a6 {[%clk 1:25:56]} 12. a4
{[%clk 1:19:37]} Bd7 {[%clk 1:25:57]} 13. a5 {[%clk 1:15:02]} Ng4
{[%clk 1:24:48]} 14. Na4 {[%clk 1:14:50]} Bxa4 {[%clk 1:24:12]} 15. Qxa4
{[%clk 1:15:09]} Qe8 {[%clk 1:22:49]} 16. Qc2 {[%clk 1:12:31]} Rb8
{[%clk 1:15:54]} 17. b4 {[%clk 1:11:44]} cxb4 {[%clk 1:15:27]} 18. Rxb4
{[%clk 1:11:47]} Qc8 {[%clk 1:13:48]} 19. Qb3 {[%clk 1:11:19]} Ne8
{[%clk 1:10:23]} 20. h3 {[%clk 1:07:52]} Ne5 {[%clk 1:10:37]} 21. Nf4
{[%clk 1:06:06]} Nc7 {[%clk 1:05:49]} 22. Be3 {[%clk 1:06:13]} Nd7
{[%clk 1:03:54]} 23. Nd3 {[%clk 1:04:59]} Nc5 {[%clk 0:48:34]} 24. Nxc5
{[%clk 1:04:17]} dxc5 {[%clk 0:48:56]} 25. Bxc5 {[%clk 1:04:39]} Nb5 26. cxb5
{[%clk 1:03:43]} Qxc5 {[%clk 0:49:01]} 27. bxa6 {[%clk 1:03:20]} Qxa5
{[%clk 0:40:53]} 28. d6+ {[%clk 1:03:09]} e6 {[%clk 0:40:38]} 29. Rxb7
{[%clk 1:02:03]} Ra8 {[%clk 0:40:02]} 30. Qxe6+ {[%clk 1:02:19]} Kh8
{[%clk 0:40:12]} 31. Rxg7 {[%clk 1:01:52]} Kxg7 {[%clk 0:39:15]} 32. Bxa8
{[%clk 1:02:13]} Rxa8 {[%clk 0:39:19]} 33. d7 {[%clk 1:02:39]} Qd8
{[%clk 0:38:16]} 34. Rc1 {[%clk 1:02:45]} Ra7 {[%clk 0:37:01]} 35. Qe5+
{[%clk 1:03:11]} 1-0